000 00552nam a2200217Ia 4500
003 OSt
005 20220928135618.0
006 a|||||r|||| 00| 0
007 ta
008 220927b |||||||| |||| 00| 0 eng d
024 _a3765
037 _cTextual
040 _aSDCL
_cSDCL
_beng
041 _2eng
_aeng
082 _aO-,1M40w, K2
100 _aHardy Florence Emily
_9492043
245 0 _aLife of Thomas Hardy 1840-1928
260 _c1962
942 _hO-,1M40w, K2
_cTEXL
_2CC
999 _c807498
_d807498